000
00215nam a22000857a 4500
008
170130b xxu||||| |||| 00| 0 eng d
100
_9
2669
_a
NCERT
245
_a
Flamingo English Book-XII
260
_a
New Delhi
_b
NCERT
_c
2009
999
_c
5825
_d
5825